| 000 | 00000nam 2200000za 4500 |
| 001 | 9.674573 |
| 003 | CaOODSP |
| 005 | 20210624224820 |
| 007 | cr ||||||||||| |
| 008 | 150407s2004 onc|||||o f|0| 0 eng d |
| 040 | |aCaOODSP|beng |
| 041 | |aeng |
| 041 | |afre |
| 041 | |amis |
| 043 | |an-cn--- |
| 086 | 1 |aS53-35/2004-IN |
| 110 | 1 |aCanada. |bPublic Works and Government Services Canada. |bTranslation Bureau. |
| 245 | 10|aPanlatin electronic commerce glossary |h[electronic resource]. |
| 246 | 1 |iAdditional title (within publication) : |aLexc panllati del commerç electronic - Léxico panlatino de comercio electronico - Léxico panlatino do comercio elettronica - Léxico panlatino do comercio electrônico - Lexic palatin de comert electronic |
| 260 | |aOttawa : |bPublic Works and Government Services Canada, |c2004. |
| 300 | |a435 p. |
| 546 | |aText in English, French, Catalan, Spanish, Galician, Portuguese, Italian and Romanian |
| 590 | |a07-04-Supp|b2007-06-29 |
| 690 | 07|aElectronic commerce|2gcpds |
| 690 | 07|aTerminology|2gcpds |
| 792 | |tLexique panlatin du commerce électronique |efre|w(CaOODSP)9.674574 |
| 856 | 40|ahttp://publications.gc.ca|qPDF|s3.74 MB|uhttps://publications.gc.ca/collections/collection_2007/pwgsc-tpsgc/S53-35-2004.pdf |